000 01913nam a2200277 a 4500
008 120416s1994 ||||||||||||||||| || u
020 _a0750617985
050 _aTA 658.2 Mac
100 _aMacdonald, Angus J
245 1 0 _aStructure and architecture
260 _aOxford
_bButterworth-Heinemann
_c1994
300 _ax, 131 p. : ill.
350 _a0.00
650 _aTEXTBOOKS
650 _aSTRUCTURAL DESIGN
650 _aARCHITECTRURE--ZAMBIA
995 _aANNEX COLLECTION (Main Library)
_D0.00
_e731474
_FCBU-MAIN LIBRARY (Kitwe)
_H5
_I10.50
_jTA 658.2 Mac
_M5
_UAVAILABLE
_y028730
_ZAnnex Low-Usage Collection
995 _aANNEX COLLECTION (Main Library)
_D0.00
_e731746
_FCBU-MAIN LIBRARY (Kitwe)
_H2
_I10.50
_jTA 658.2 Mac
_M2
_UAVAILABLE
_y029257
_ZAnnex Low-Usage Collection
995 _aANNEX COLLECTION (Main Library)
_D0.00
_e731745
_FCBU-MAIN LIBRARY (Kitwe)
_H8
_I10.50
_jTA 658.2 Mac
_M8
_UAVAILABLE
_y029256
_ZAnnex Low-Usage Collection
995 _aANNEX COLLECTION (Main Library)
_D0.00
_e731747
_FCBU-MAIN LIBRARY (Kitwe)
_H9
_I10.50
_jTA 658.2 Mac
_M9
_UAVAILABLE
_y029258
_ZAnnex Low-Usage Collection
995 _aANNEX COLLECTION (Main Library)
_D0.00
_e731473
_FCBU-MAIN LIBRARY (Kitwe)
_H1
_I10.50
_jTA 658.2 Mac
_M1
_UAVAILABLE
_y028731
_ZAnnex Low-Usage Collection
995 _aANNEX COLLECTION (Main Library)
_D0.00
_e731472
_FCBU-MAIN LIBRARY (Kitwe)
_H3
_I10.50
_jTA 658.2 Mac
_M3
_UAVAILABLE
_y028734
_ZAnnex Low-Usage Collection
995 _aANNEX COLLECTION (Main Library)
_D0.00
_e730614
_FCBU-MAIN LIBRARY (Kitwe)
_H6
_I10.50
_jTA 658.2 Mac
_M6
_UAVAILABLE
_y027375
_ZAnnex Low-Usage Collection
995 _aANNEX COLLECTION (Main Library)
_D0.00
_e731748
_FCBU-MAIN LIBRARY (Kitwe)
_H7
_I10.50
_jTA 658.2 Mac
_M7
_UAVAILABLE
_y029259
_ZAnnex Low-Usage Collection
995 _aANNEX COLLECTION (Main Library)
_D0.00
_e731475
_FCBU-MAIN LIBRARY (Kitwe)
_H4
_I10.50
_jTA 658.2 Mac
_M4
_UAVAILABLE
_y028778
_ZAnnex Low-Usage Collection
999 _c76926
_d76926